| 000 -LEADER |
| fixed length control field |
00734nam a22001337a 4500 |
| 040 ## - CATALOGING SOURCE |
| Transcribing agency |
RUA |
| 082 ## - DEWEY DECIMAL CLASSIFICATION NUMBER |
| Classification number |
AGR LY 2010 B047 Or.1 |
| 100 ## - MAIN ENTRY--AUTHOR NAME |
| Personal name |
LY SOVANARITH |
| 245 ## - TITLE STATEMENT |
| Title |
Weed control on cowpea in crop station at royal university of agriculture,(វិធានការកំចាត់រុក្ខជាតិចង្រៃលើដំណាំសណ្តែកអង្គុយ នៅក្នុងស្នានីយ៍ពិសោធន៍ដំណាំនៃសាកលវិទ្យាល័យភូមិ្ទកសិកម្ម) |
| 260 ## - PUBLICATION, DISTRIBUTION, ETC. (IMPRINT) |
| Place of publication |
Phnom Penh |
| Name of publisher |
RUA |
| Year of publication |
2010 |
| 300 ## - PHYSICAL DESCRIPTION |
| Number of Pages |
xi, 47 |
| Other physical details |
ill. |
| Dimensions |
29cm. |
| 856 ## - ELECTRONIC LOCATION AND ACCESS |
| Uniform Resource Identifier |
https://drive.google.com/file/d/17GbkrK01EtehZiDisY1UmPjG5H1XBl8f/view?usp=sharing |
| 942 ## - ADDED ENTRY ELEMENTS (KOHA) |
| Koha item type |
AGR |
| 952 ## - LOCATION AND ITEM INFORMATION (KOHA) |
| Withdrawn status [LOCAL, KOHA] |
0 |
| 952 ## - LOCATION AND ITEM INFORMATION (KOHA) |
| Withdrawn status [LOCAL, KOHA] |
0 |